Diseño del proyecto Carretera Ciudad Colón-Universidad para la Paz

Guardat en:
Dades bibliogràfiques
Autor principal: Abrahams Vargas, Juan
Format: Desconegut
Publicat: [San José, Costa Rica] 1981
Matèries:
Etiquetes: Afegir etiqueta
Sense etiquetes, Sigues el primer a etiquetar aquest registre!

MARC

LEADER 00000 a2200000 4500
003 004994
005 20221231143745.0
008 140114s1981 c a m 000 ||s d
040 |c cru CEDI 
090 |a TFG 1081 
100 |a Abrahams Vargas, Juan  |9 15808 
245 |a Diseño del proyecto Carretera Ciudad Colón-Universidad para la Paz 
260 |c 1981  |a [San José, Costa Rica] 
300 |a  vii, 136 hojas : ilustraciones, mapas (algunos plegables) ; 27 cm  
500 |a Proyecto de graduación (ingeniero civil)--Universidad de Costa Rica. Facultad de Ingeniería. Escuela de Ingeniería Civil 
650 |x UNIVERSIDAD PARA LA PAZ (COSTA RICA)  |9 15809 
942 |c TFG 
999 |c 11339  |d 11339